Parc de Collserola : itineraris a peu 1-6 : intineraris en bicicleta : recull de documents : itineraris a peu 1-6 : intineraris en bicicleta : recull de documents
Descripción Física:
[recull de documents]
Materias:
Parc de Collserola -- Guies
Idioma:
Catalán
MARC
| LEADER | 00000nam a2200000uc 4500 | ||
|---|---|---|---|
| 001 | 26825 | ||
| 003 | Arxiu | ||
| 005 | 20260324181020.0 | ||
| 008 | s1990||||sp ||||gr|||| ||| ||cat|d | ||
| 040 | |a BGR |b cat | ||
| 245 | 0 | 0 | |a Parc de Collserola |b : itineraris a peu 1-6 : intineraris en bicicleta : recull de documents |
| 260 | |a Barcelona : |b Patronat Metropolità Parc de Collserola |c 1990 | ||
| 300 | |a [recull de documents] | ||
| 500 | |a Recull de fulletons | ||
| 610 | 0 | |a Parc de Collserola |v Guies |9 9951 | |
| 942 | |c ARXIU |n 1 | ||
| 952 | |0 0 |1 0 |4 0 |6 FU7310 |7 1 |9 63935 |a Arxiu |b Arxiu |d 2022-10-10 |l 0 |o FU-73-10 |p 26825 |r 2022-10-10 00:00:00 |w 2022-10-10 |y ARXIU | ||
| 999 | |c 20496 |d 20496 | ||